000 00284nam a2200109Ia 4500
008 190914s9999||||xx |||||||||||||| ||und||
100 _aMunir ,Arshad
245 0 _aInternational Bhurban Conference on Applied Science
260 _aUSA
_bMcGraw Hill
_c952
300 _a1998
942 _cBK
999 _c8426
_d8426